000 00332pab a2200145 454500
008 180718b1989 xxu||||| |||| 00| 0 eng d
100 _aSen, A.N.
245 _aFreedom of expression
260 _c1989
300 _a3-19
362 _aJan.
650 _aCivil Liberties
773 _aPress Council of Indian Review
909 _a5642
999 _c5642
_d5642